Radar Cposs Section Evaluation of JF-17 Aircraft Phase-III (Record no. 326495)
[ view plain ]
| 000 -LEADER | |
|---|---|
| fixed length control field | 00406 a2200133 4500 |
| 001 - CONTROL NUMBER | |
| control field | 91422 |
| 082 ## - DEWEY DECIMAL CLASSIFICATION NUMBER | |
| Classification number | PR 1319 |
| 090 ## - LOCALLY ASSIGNED LC-TYPE CALL NUMBER (OCLC); LOCAL CALL NUMBER (RLIN) | |
| -- | 43553 |
| -- | 43552 |
| 100 ## - MAIN ENTRY--PERSONAL NAME | |
| Personal name | Muhammad Arslan; Prof Jahangir Khan Kayani and Muddassir Iqbal (Advisors) |
| 245 ## - TITLE STATEMENT | |
| Title | Radar Cposs Section Evaluation of JF-17 Aircraft Phase-III |
| Number of part/section of a work | 72 "B" EC |
| 260 ## - PUBLICATION, DISTRIBUTION, ETC. | |
| Place of publication, distribution, etc. | Rawalpindi |
| Name of publisher, distributor, etc. | NUST |
| Date of publication, distribution, etc. | 2012 |
| 300 ## - PHYSICAL DESCRIPTION | |
| Extent | xii, 82p |
| 500 ## - GENERAL NOTE | |
| General note | BE Project Reports |
| 942 ## - ADDED ENTRY ELEMENTS (KOHA) | |
| Institution code [OBSOLETE] | CAE NUST |
| Call number prefix | PR-1319 |
| Withdrawn status | Lost status | Damaged status | Not for loan | Collection code | Permanent Location | Current Location | Date acquired | Total Checkouts | Full call number | Barcode | Date last seen | Price effective from | Koha item type |
|---|---|---|---|---|---|---|---|---|---|---|---|---|---|
| College of Aeronautical Engineering (CAE) | College of Aeronautical Engineering (CAE) | 04/03/2017 | PR-1319 | CAEPR-1319 | 04/05/2017 | 04/05/2017 | Book |
